| 000 | 00524cam a22002171 4500 | ||
|---|---|---|---|
| 001 | sa 63004890 | ||
| 003 | DLC | ||
| 005 | 20260227111952.0 | ||
| 008 | 940517s1962 ii 000 1 beno | ||
| 010 | _asa 63004890 | ||
| 025 | _aPL480:EP-B-39 | ||
| 035 | _a(OCoLC)30451184 | ||
| 040 |
_aDLC _cCU _dCU _dDLC |
||
| 050 | 0 | 0 |
_aPK1730.12.B27 _bK3 |
| 100 | 1 | _aAbdullah, Badrunnesa. | |
| 245 | 1 | 0 | _aKājaladīghira upakathā. |
| 260 | _c[1962] | ||
| 300 |
_a116 p. _c22 cm. |
||
| 500 | _aIn Bengali. | ||
| 500 | _aA novel. | ||
| 999 |
_c55903 _d55903 |
||